000 00456nam a22001697a 4500
005 20180226120006.0
008 160523b xxu||||| |||| 00| 0 eng d
020 _a81-297-0597-4
041 _aeng
082 _b4160
_a330.0285
100 _aMiranda, Merio J. and Fackler, Paul L.
_94161
245 _aApplied Computational Economics and Finance
260 _aNew Delhi
_bAcademic Faundation
300 _a492
650 _aManagement
_9241
942 _cBK
999 _c1399
_d1399